[Event "Portugal tch 2012 - Fase final"]
[Site "Matosinhos POR"]
[Date "2012.07.29"]
[Round "9.2"]
[White "Teixeira, Rafael"]
[Black "Ferreira, Jorge"]
[Result "1/2-1/2"]
[WhiteElo "2107"]
[BlackElo "2338"]
[PlyCount "55"]
[EventDate "2012.07.21"]
[EventType "team"]
[EventRounds "9"]
[EventCountry "POR"]
[Source "lmi"]
[SourceDate "2012.07.21"]

1. e4 c5 2. Nc3 Nc6 3. f4 g6 4. Bb5 Nd4 5. Bc4 Bg7 6. Nf3 e6 7. O-O Ne7 8. d3
d5 9. Bb5+ Nxb5 10. Nxb5 a6 11. Nc3 O-O 12. a4 Nc6 13. Qe2 Nd4 14. Nxd4 cxd4
15. Nd1 dxe4 16. dxe4 Bd7 17. Nf2 Rc8 18. Nd3 Qc7 19. Rf2 Rfe8 20. e5 Bf8 21.
b3 Bc6 22. Bd2 a5 23. Rc1 b6 24. c4 dxc3 25. Rxc3 Qd7 26. Be3 Be4 27. Rxc8 Rxc8
28. Ne1 1/2-1/2

[Event "Portugal tch 2012 - Fase final"]
[Site "Matosinhos POR"]
[Date "2012.07.29"]
[Round "9.2"]
[White "Viela, Marco"]
[Black "Sousa, Ricardo"]
[Result "0-1"]
[WhiteElo "2192"]
[BlackElo "2101"]
[PlyCount "58"]
[EventDate "2012.07.21"]
[EventType "team"]
[EventRounds "9"]
[EventCountry "POR"]
[Source "lmi"]
[SourceDate "2012.07.21"]

1. e4 d6 2. d4 Nf6 3. Nc3 g6 4. Nf3 Bg7 5. Be2 O-O 6. O-O Nbd7 7. h3 e5 8. dxe5
dxe5 9. Be3 c6 10. Qd2 Qe7 11. Bg5 Nc5 12. Rad1 Re8 13. Qc1 b5 14. Bd3 Qf8 15.
Rfe1 Ne6 16. Be3 Nh5 17. a3 f5 18. Bd2 f4 19. Ne2 Qf6 20. c4 Ng5 21. Nxg5 Qxg5
22. Kh2 Qh4 23. f3 Bxh3 24. cxb5 g5 25. Kg1 g4 26. Bc4+ Kh8 27. Qc3 g3 28. Nxf4
Nxf4 29. gxh3 Qxh3 0-1

[Event "Portugal tch 2012 - Fase final"]
[Site "Matosinhos POR"]
[Date "2012.07.29"]
[Round "9.2"]
[White "Parreira, André"]
[Black "Pereira, António Caramez"]
[Result "1/2-1/2"]
[WhiteElo "1786"]
[BlackElo "2089"]
[PlyCount "67"]
[EventDate "2012.07.21"]
[EventType "team"]
[EventRounds "9"]
[EventCountry "POR"]
[Source "lmi"]
[SourceDate "2012.07.21"]

1. Nf3 c5 2. c4 Nf6 3. g3 Nc6 4. Bg2 d5 5. cxd5 Nxd5 6. Nc3 Nc7 7. O-O e5 8. d3
Be7 9. Be3 O-O 10. Rc1 Be6 11. a3 Qd7 12. Ne4 b6 13. b4 cxb4 14. Qc2 Bd5 15.
Nxe5 Nxe5 16. Qxc7 Qxc7 17. Rxc7 Bd8 18. Rc2 bxa3 19. Bf4 Ng6 20. Bd6 Be7 21.
Bxe7 Nxe7 22. Rc7 Nc6 23. Nf6+ gxf6 24. Bxd5 Nb4 25. Bxa8 Rxa8 26. d4 b5 27. e4
a2 28. d5 a5 29. d6 Rd8 30. Rc5 Rxd6 31. Rxb5 Rd2 32. Rxa5 Rb2 33. Kg2 Nc2 34.
Rc1 1/2-1/2

[Event "Portugal tch 2012 - Fase final"]
[Site "Matosinhos POR"]
[Date "2012.07.29"]
[Round "9.3"]
[White "Spraggett, Kevin"]
[Black "Korneev, Oleg"]
[Result "0-1"]
[WhiteElo "2595"]
[BlackElo "2577"]
[PlyCount "136"]
[EventDate "2012.07.21"]
[EventType "team"]
[EventRounds "9"]
[EventCountry "POR"]
[Source "lmi"]
[SourceDate "2012.07.21"]

1. c4 e5 2. Nc3 Nf6 3. Nf3 Nc6 4. e4 Bb4 5. d3 d6 6. h3 Bc5 7. g3 Nd4 8. Bg2
Nxf3+ 9. Qxf3 c6 10. Qe2 O-O 11. O-O Ne8 12. Kh2 Nc7 13. f4 Ne6 14. f5 Nd4 15.
Qd1 f6 16. Be3 a5 17. Qd2 a4 18. Rac1 Bd7 19. g4 h6 20. Qf2 Qb6 21. Rfe1 Be8
22. h4 Kf7 23. Kg3 Ke7 24. Bh3 Rh8 25. Nd1 Bf7 26. Rf1 Qa7 27. Re1 Rac8 28. Nc3
Kd7 29. Bg2 Ra8 30. Bf3 Rhc8 31. Bg2 b5 32. Bf1 Rab8 33. g5 b4 34. Nd1 Bh5 35.
Bg2 hxg5 36. hxg5 Rh8 37. g6 Bxd1 38. Rcxd1 b3 39. a3 Nc2 40. Bxc5 dxc5 41. Rh1
Rxh1 42. Rxh1 Kd6 43. Bf3 Qa5 44. Qe2 Rd8 45. Kf2 Kc7 46. Qd1 Kb6 47. Be2 Ka6
48. Qc1 Rg8 49. Kg2 Qd8 50. Qg1 Kb6 51. Rh7 Qe7 52. Rh1 Qd8 53. Rh7 Qe7 54. Rh1
Rd8 55. Qf2 Qa7 56. Qg1 Qa8 57. Rh7 Qa5 58. Qc1 Rd7 59. Kf2 Ka6 60. Rh1 Rb7 61.
Rh8 Ka7 62. Rf8 Nxa3 63. bxa3 b2 64. Qb1 Qd2 65. Rh8 Qc1 66. Rh1 Qxh1 67. Qxh1
b1=Q 68. Qh8 Qb2 0-1

[Event "Portugal tch 2012 - Fase final"]
[Site "Matosinhos POR"]
[Date "2012.07.29"]
[Round "9.3"]
[White "Ftácnik, Lubomír"]
[Black "Luch, Michal"]
[Result "1-0"]
[WhiteElo "2516"]
[BlackElo "2426"]
[PlyCount "131"]
[EventDate "2012.07.21"]
[EventType "team"]
[EventRounds "9"]
[EventCountry "POR"]
[Source "lmi"]
[SourceDate "2012.07.21"]

1. c4 e6 2. Nf3 d5 3. g3 Nf6 4. Bg2 Be7 5. O-O O-O 6. d4 dxc4 7. Qc2 a6 8. a4
Bd7 9. Rd1 Bc6 10. Nc3 a5 11. e4 Na6 12. Ne5 Nb4 13. Qe2 Be8 14. Nxc4 b6 15. d5
Qb8 16. Bf4 Bd7 17. d6 cxd6 18. Nxd6 Qa7 19. Ncb5 Bxb5 20. axb5 Rfd8 21. Rd4
Bxd6 22. Bxd6 Qb7 23. Rad1 Rac8 24. e5 Nfd5 25. Bxb4 axb4 26. Rxb4 Rc5 27. Rbd4
Qc7 28. Bxd5 exd5 29. e6 Re8 30. exf7+ Qxf7 31. Qd3 h6 32. Rxd5 Rxd5 33. Qxd5
Re1+ 34. Kg2 Rxd1 35. Qxd1 Qf6 36. Qd5+ Kh8 37. h4 Qf8 38. h5 Qb8 39. f3 Qf8
40. g4 Qe8 41. Kh3 Qf8 42. Kg3 Qb8+ 43. f4 Qe8 44. Kf3 Qf8 45. Ke3 Qe8+ 46. Kd2
Qf8 47. Qd4 Qb8 48. f5 Qh2+ 49. Kc3 Qg3+ 50. Kb4 Qe1+ 51. Kb3 Qf1 52. Qd8+ Kh7
53. Qxb6 Qd1+ 54. Kb4 Qe1+ 55. Kc5 Qf2+ 56. Kc6 Qxb2 57. Kd7 Qd2+ 58. Qd6 Qg2
59. Qc6 Qd2+ 60. Kc8 Qb4 61. b6 Qf8+ 62. Kc7 Qe7+ 63. Qd7 Qe5+ 64. Qd6 Qa5 65.
f6 Qc3+ 66. Kd8 1-0

[Event "Portugal tch 2012 - Fase final"]
[Site "Matosinhos POR"]
[Date "2012.07.29"]
[Round "9.3"]
[White "Kolosowski, Mateusz"]
[Black "Pereira, Ruben"]
[Result "1-0"]
[WhiteElo "2413"]
[BlackElo "2417"]
[PlyCount "81"]
[EventDate "2012.07.21"]
[EventType "team"]
[EventRounds "9"]
[EventCountry "POR"]
[Source "lmi"]
[SourceDate "2012.07.21"]

1. e4 c5 2. Nf3 d6 3. d4 cxd4 4. Nxd4 Nf6 5. Nc3 Nc6 6. Bg5 Qb6 7. Nb3 e6 8.
Qd2 Be7 9. O-O-O O-O 10. f3 a6 11. g4 Rd8 12. Be3 Qc7 13. Qf2 Nd7 14. h4 b5 15.
g5 b4 16. Na4 Nce5 17. Be2 Bb7 18. Kb1 Rab8 19. Nd4 Rdc8 20. h5 Nc5 21. Nxc5
dxc5 22. Nb3 c4 23. Nd4 b3 24. cxb3 cxb3 25. Nxb3 Bxe4+ 26. fxe4 Qc2+ 27. Ka1
Rxb3 28. axb3 Qxb3 29. Rd4 Rc2 30. Bc1 Nc6 31. g6 Bf6 32. e5 Rxe2 33. Qxe2 Nxd4
34. Qxa6 Bd8 35. gxf7+ Kxf7 36. Rf1+ Ke8 37. Rf2 Qd1 38. Kb1 Qb3 39. Rd2 Bb6
40. Qc8+ Ke7 41. Rxd4 1-0

[Event "Portugal tch 2012 - Fase final"]
[Site "Matosinhos POR"]
[Date "2012.07.29"]
[Round "9.3"]
[White "Peña Gomez, Manuel"]
[Black "Butkiewicz, Lukasz"]
[Result "0-1"]
[WhiteElo "2408"]
[BlackElo "2402"]
[PlyCount "94"]
[EventDate "2012.07.21"]
[EventType "team"]
[EventRounds "9"]
[EventCountry "POR"]
[Source "lmi"]
[SourceDate "2012.07.21"]

1. c4 c5 2. g3 Nc6 3. Bg2 g6 4. e3 Bg7 5. Nc3 d6 6. Nge2 Nh6 7. a3 O-O 8. d3
Nf5 9. O-O Qd7 10. Rb1 b6 11. b4 Bb7 12. Ne4 Rab8 13. f4 e6 14. Nf2 Nce7 15. e4
Nd4 16. Nxd4 cxd4 17. a4 f5 18. b5 Rbc8 19. Qb3 Kh8 20. Bd2 e5 21. Rbe1 Bh6 22.
Qb2 Bg7 23. Qa2 Qc7 24. Bb4 fxe4 25. Nxe4 Nf5 26. g4 Bxe4 27. Rxe4 Ne3 28. fxe5
Rxf1+ 29. Bxf1 Bxe5 30. Qf2 Qg7 31. Be2 Rf8 32. Qh4 Qf7 33. Rxe3 dxe3 34. Be1
Qg7 35. Qh3 Bf4 36. Kh1 Qa1 37. Qf1 Bh6 38. Qg1 Qd4 39. Qg3 Bg7 40. Qg2 Be5 41.
Qg1 Qa1 42. Kg2 Bd4 43. Kh3 g5 44. Qh1 Bc3 45. Bxc3+ Qxc3 46. Bf3 Qf6 47. Bg2
Qh6+ 0-1

[Event "Portugal tch 2012 - Fase final"]
[Site "Matosinhos POR"]
[Date "2012.07.29"]
[Round "9.4"]
[White "Strikovic, Aleksa"]
[Black "Johannessen, Leif"]
[Result "0-1"]
[WhiteElo "2559"]
[BlackElo "2507"]
[PlyCount "75"]
[EventDate "2012.07.21"]
[EventType "team"]
[EventRounds "9"]
[EventCountry "POR"]
[Source "lmi"]
[SourceDate "2012.07.21"]

1. e4 e5 2. Nf3 Nc6 3. d4 exd4 4. Nxd4 Nf6 5. Nxc6 bxc6 6. e5 Qe7 7. Qe2 Nd5 8.
Nd2 d6 9. Nc4 Nb6 10. Na5 Qxe5 11. Nxc6 Qxe2+ 12. Bxe2 Bb7 13. Bf3 Kd7 14. Ne5+
dxe5 15. Bxb7 Rb8 16. Bf3 f5 17. O-O Bd6 18. Rd1 Na4 19. Be2 Nxb2 20. Rd5 Rb7
21. Ra5 Rhb8 22. Bd2 g6 23. Re1 e4 24. Bc3 Bb4 25. Bxb4 Rxb4 26. g4 f4 27. c3
R4b6 28. Bf1 Re6 29. Rxa7 f3 30. h4 Nd3 31. Rd1 Rd6 32. Ra4 Nc5 33. Rad4 Rb2
34. Bc4 Rc2 35. Bd5 Rxc3 36. Kh2 Nd3 37. Kg3 Nc5 38. Bg8 0-1

[Event "Portugal tch 2012 - Fase final"]
[Site "Matosinhos POR"]
[Date "2012.07.29"]
[Round "9.4"]
[White "Fernando, Diogo"]
[Black "Andrade, José Manuel"]
[Result "1/2-1/2"]
[WhiteElo "2469"]
[BlackElo "2244"]
[PlyCount "136"]
[EventDate "2012.07.21"]
[EventType "team"]
[EventRounds "9"]
[EventCountry "POR"]
[Source "lmi"]
[SourceDate "2012.07.21"]

1. c4 Nf6 2. Nc3 e6 3. d4 d5 4. cxd5 exd5 5. Bg5 c6 6. Qc2 Be7 7. e3 g6 8. Bd3
Nbd7 9. Nf3 Nf8 10. h3 Ne6 11. Bh4 O-O 12. O-O Ng7 13. Bxf6 Bxf6 14. b4 b6 15.
Rfd1 Bb7 16. Qb3 Ne6 17. a4 Rc8 18. a5 Rc7 19. axb6 axb6 20. Ra7 Qb8 21. Ra2
Rd8 22. Ba6 Ba8 23. Bf1 Ra7 24. Rxa7 Qxa7 25. Qa4 Qb8 26. Rc1 Kg7 27. Rc2 Bb7
28. Nd1 Qd6 29. Nb2 Ra8 30. Qb3 Ra1 31. Nd3 Ba6 32. Rc1 Rxc1 33. Nxc1 Bb7 34.
Nd3 Be7 35. Qb2 Bf6 36. Qa3 Qb8 37. Nfe5 Be7 38. Qc3 Qd6 39. Qa1 f6 40. Nf3 Qb8
41. Nd2 Qa8 42. Qxa8 Bxa8 43. Nb1 Bb7 44. Nc3 Nc7 45. Na4 Na8 46. Nc3 Ba6 47.
b5 Bxb5 48. Nxb5 cxb5 49. Nc1 Nc7 50. Nb3 Kf7 51. g4 b4 52. Bd3 Ne8 53. f3 Nd6
54. Kf2 f5 55. Bc2 Ke6 56. Nc1 Nc4 57. Nd3 Bd6 58. Nc1 Be7 59. Bb3 Bg5 60. f4
Bh4+ 61. Ke2 Be7 62. g5 Kd6 63. Kd3 b5 64. Bd1 Nb2+ 65. Kc2 Nc4 66. Kd3 Nb2+
67. Kc2 Nc4 68. Kd3 Nb2+ 1/2-1/2

[Event "Portugal tch 2012 - Fase final"]
[Site "Matosinhos POR"]
[Date "2012.07.29"]
[Round "9.4"]
[White "Leite, Catarina"]
[Black "Vassallo Barroche, Maurício"]
[Result "0-1"]
[WhiteElo "2175"]
[BlackElo "2433"]
[PlyCount "98"]
[EventDate "2012.07.21"]
[EventType "team"]
[EventRounds "9"]
[EventCountry "POR"]
[Source "lmi"]
[SourceDate "2012.07.21"]

1. e4 g6 2. Nc3 c6 3. d4 Bg7 4. Be2 d6 5. f4 Qb6 6. Nf3 Bg4 7. e5 Nh6 8. Ne4
O-O 9. c3 d5 10. Nf2 Bc8 11. O-O f6 12. b3 Qc7 13. c4 Be6 14. Nd3 Na6 15. Qc2
Qd7 16. Ba3 dxc4 17. bxc4 Nf5 18. Qc3 Rfd8 19. Bb2 Rac8 20. a4 b6 21. Nf2 Nc7
22. Rfd1 Bf7 23. Ne4 Nd5 24. Qd2 Nc7 25. Rac1 h5 26. g3 Ne8 27. Qc3 Kh7 28. Bf1
Kg8 29. Bh3 Nxg3 30. Bxd7 Ne2+ 31. Kg2 Nxc3 32. e6 Nxe4 33. Bxc8 Rxc8 34. exf7+
Kxf7 35. Re1 N4d6 36. Rc2 Nf5 37. Rce2 Rc7 38. d5 c5 39. Ra1 Ned6 40. Rc1 Bh6
41. Rcc2 Bxf4 42. Kf2 Rc8 43. h3 g5 44. Bc1 Bxc1 45. Rxc1 g4 46. hxg4 hxg4 47.
Nd2 Rh8 48. Kg2 Rh3 49. Rh1 Rxh1 0-1

[Event "Portugal tch 2012 - Fase final"]
[Site "Matosinhos POR"]
[Date "2012.07.29"]
[Round "9.5"]
[White "Garcia - Ortega Mendez, Jose M"]
[Black "Alvarez Fernandez, Enrique"]
[Result "1/2-1/2"]
[WhiteElo "2328"]
[BlackElo "2369"]
[PlyCount "99"]
[EventDate "2012.07.21"]
[EventType "team"]
[EventRounds "9"]
[EventCountry "POR"]
[Source "lmi"]
[SourceDate "2012.07.21"]

1. d4 d5 2. c4 c6 3. cxd5 cxd5 4. Nc3 Nc6 5. Bf4 a6 6. e3 Nf6 7. Bd3 Bg4 8. f3
Bh5 9. Nge2 e6 10. Rc1 Bg6 11. Bg3 Be7 12. O-O O-O 13. Nf4 Bxd3 14. Nxd3 Na5
15. b3 b5 16. Qd2 Nb7 17. a4 Qa5 18. Rb1 Nh5 19. Be1 Qb6 20. axb5 axb5 21. Qe2
Rfc8 22. Ne5 f6 23. Nd3 g6 24. b4 Nd6 25. Nc5 Nc4 26. g4 Ng7 27. e4 dxe4 28.
fxe4 Rd8 29. Bf2 Bd6 30. Kg2 Bf4 31. d5 Qb8 32. Rbd1 Be5 33. Bg3 Ra3 34. Rd3
Qa8 35. Bxe5 Nxe5 36. Rg3 h5 37. gxh5 exd5 38. exd5 Rxd5 39. Kg1 Rd6 40. N5e4
Qa7+ 41. Kh1 Qa8 42. Rg2 Re6 43. Nxb5 Ra1 44. Rxa1 Qxa1+ 45. Rg1 Qa6 46. hxg6
f5 47. Nc5 Qc6+ 48. Qg2 Qxg2+ 49. Rxg2 Rb6 50. Nd4 1/2-1/2

[Event "Portugal tch 2012 - Fase final"]
[Site "Matosinhos POR"]
[Date "2012.07.29"]
[Round "9.5"]
[White "Andres Gonzalez, Ivan"]
[Black "Cabezas Ayala, Iván"]
[Result "1/2-1/2"]
[WhiteElo "2324"]
[BlackElo "2310"]
[PlyCount "24"]
[EventDate "2012.07.21"]
[EventType "team"]
[EventRounds "9"]
[EventCountry "POR"]
[Source "lmi"]
[SourceDate "2012.07.21"]

1. e4 e5 2. Nf3 Nc6 3. Nc3 Nf6 4. a3 Be7 5. d4 d6 6. dxe5 Nxe5 7. Nxe5 dxe5 8.
Qxd8+ Bxd8 9. Be3 Ng4 10. Bc1 Nf6 11. Be3 Ng4 12. Bc1 Nf6 1/2-1/2

[Event "Portugal tch 2012 - Fase final"]
[Site "Matosinhos POR"]
[Date "2012.07.29"]
[Round "9.5"]
[White "Neves, Pedro"]
[Black "Diogo, Vasco"]
[Result "1-0"]
[WhiteElo "2244"]
[BlackElo "2261"]
[PlyCount "123"]
[EventDate "2012.07.21"]
[EventType "team"]
[EventRounds "9"]
[EventCountry "POR"]
[Source "lmi"]
[SourceDate "2012.07.21"]

1. e4 c5 2. Nf3 d6 3. d4 cxd4 4. Nxd4 Nf6 5. Nc3 a6 6. Bg5 e6 7. f4 Nbd7 8. Qf3
h6 9. Bxf6 Nxf6 10. O-O-O Qc7 11. g4 b5 12. Bd3 Bb7 13. Rhf1 Nd7 14. h4 Be7 15.
g5 hxg5 16. hxg5 g6 17. Qg4 b4 18. Nce2 d5 19. Ng3 Nc5 20. f5 gxf5 21. exf5 e5
22. f6 exd4 23. fxe7 Rh2 24. Qf3 Nxd3+ 25. Qxd3 Rc8 26. Ne2 Bc6 27. g6 Bb5 28.
Qf5 Qxc2+ 29. Qxc2 Rxc2+ 30. Kxc2 Rxe2+ 31. Kc1 fxg6 32. Rxd4 Bc4 33. Rf6 Kxe7
34. Rxg6 Kf7 35. Rb6 Bxa2 36. Rdxb4 Bc4 37. b3 Bb5 38. Rd4 Re3 39. Kc2 Re2+ 40.
Kc3 Re3+ 41. Kb4 Be2 42. Rxd5 Ke7 43. Rd4 Bf1 44. Rh6 Bb5 45. Rg6 Be2 46. Rb6
Bf1 47. Rg6 Be2 48. Rh6 Bb5 49. Rhh4 Kf6 50. Rhe4 Rg3 51. Rd6+ Kf5 52. Re7 Rg4+
53. Kc5 Rg3 54. b4 Rb3 55. Re1 Rb2 56. Rd8 Rc2+ 57. Kb6 Kf6 58. Rd5 Be2 59.
Rd6+ Kf7 60. Rd4 Rb2 61. Rf4+ Kg6 62. Rxe2 1-0

[Event "Portugal tch 2012 - Fase final"]
[Site "Matosinhos POR"]
[Date "2012.07.29"]
[Round "9.5"]
[White "Rodrigues, Afonso"]
[Black "Cruz, Jorge"]
[Result "1-0"]
[WhiteElo "2167"]
[BlackElo "2082"]
[PlyCount "73"]
[EventDate "2012.07.21"]
[EventType "team"]
[EventRounds "9"]
[EventCountry "POR"]
[Source "lmi"]
[SourceDate "2012.07.21"]

1. d4 d5 2. Bf4 Nf6 3. e3 e6 4. Nf3 Bd6 5. Bg3 O-O 6. Nbd2 c5 7. c3 Nc6 8. Bd3
Re8 9. Ne5 Bxe5 10. dxe5 Nd7 11. Nf3 f6 12. exf6 Nxf6 13. Ne5 Nxe5 14. Bxe5 Bd7
15. Qf3 Qe7 16. Qh3 b5 17. O-O a5 18. f3 c4 19. Bc2 Rf8 20. Rad1 Bc6 21. Rd4 h6
22. Qg3 Nh5 23. Qg6 Nf6 24. Bxf6 Rxf6 25. Qh7+ Kf7 26. Rg4 Rg8 27. f4 Kf8 28.
Rf3 g5 29. fxg5 Rxf3 30. Qxh6+ Qg7 31. Qxg7+ Kxg7 32. gxf3 d4 33. Rxd4 Bxf3 34.
Rd7+ Kf8 35. Rd8+ Kg7 36. Rxg8+ Kxg8 37. Kf2 1-0